00839nam a2200241 i 450000100060000000300090000600500170001500700030003200800410003502000180007608000250009408000240011910000360014324500760017926000420025530000220029749000290031960000400034883000370038885200330042599900170045895201220047517836ES-MaACL20250918063023.0t|010604s2001 sp ||||1| spa d a84-7030-851-3 a929 Castelar, Emilio a32 Castelar, Emilio1 aVilches, Jorge, d1967-915117510aEmilio Castelar, la patria y la república / cJorge Vilches García. aMadrid : bBiblioteca Nueva, c[2001] a317 p. ; c21 cm.1 aPerfiles del poder ; v614aCastelar, Emilio,d1832-18999364790 aPerfiles del poder ; v69226536 aES-MaACLjL-24660 bR.129912 c17836d17836 00104070aATENEOMbATENEOMcDEPO2d2008-01-17eSCl0oL-24660p1018216r2023-02-23 00:00:00w2023-02-23yMONOGRAFIA